01005nam a22002657i 4500003000400000005001700004008004100021020001800062040001500080041000800095082001900103100005000122245019800172250002200370260008000392300004500472500003300517650001800550650002300568650001200591650002400603700004000627700003300667700003900700OSt20251209175357.0251209e2022 cr|o|||g c|||o001 0 spa d a9789930970898 bspacLADOV0 aspa a747.074bP585e1 aPicado García, José Danieleeditoreautor10aEntornos / internos / ceditores José Daniel Picado García y Daniel Soto Morúa ; autores Paz Monge Cortés, José Daniel Picado García, Antonieta Sibaja Hidalgo y Daniel Soto Morúa. aPrimera edición aSan José, Costa Rica : bMuseo de Arte y Diseño Contemporáneo, c2022 a100 páginas : bfotografías a color. aBibliografía: página 98.04aDiseñadores04aArtevexposiciones04aMuebles04aDiseño sostenible1 aSoto Morúa, Danieleeditoreautor1 aMonge Cortés, Paz eautora1 aSibaja Hidalgo, Antonieta eautora